000 00688nam a2200217Ia 4500
003 GCL
005 20240530105212.0
008 140319s9999 xx 000 0 ara d
040 _aGCL /
_cGCL
082 0 4 _a341.48
_bهـ ش
100 1 _aهشام خالد
245 1 0 _aشروط الجنسية وفقا للنظام العربى لضمان الاستثمار /
_cهشام خالد
260 _a[S.N] :
_bمؤسسة شباب الجامعة ،
_c1988
300 _a179 ص
650 0 4 _aالقانون
650 0 4 _aالاستثمار
650 0 4 _aقوانين وتشريعات
650 0 4 _aالقانون الدولى الخاص
650 0 4 _aالجنية
942 _2ddc
_cBK
999 _c53898
_d53898